LEADER 01343nam a2200289 i 4500 001 000000164516 003 CaOOAMICUS 005 20070917000000.0 008 070917s1995 it u000 u ita u 013 $a141884 040 $aSeMil$bita 245 10$aAnnunciare la carità, Pensare la solidarietà /$c[a cura di] Caritas Italiana, C.N.C.A., Gruppo Abele, Il Regno. 260 $aCapodarco di Fermo (AP) :$bComunità Edizioni,$cstampa 1995. 300 $a364 p. ;$c20 cm. 490 0 $aProposte ;$v1 500 $aAtti del Convegno tenuto a Firenze, 22-24 settembre 1995. - Dono del Card. Dionigi Tettamanzi. 700 1 $aGruppo Abele.$0(OLS)http://semarc/name/62168 700 1 $aC.N.C.A. .$0(OLS)http://semarc/name/62167 710 2 $aCaritas Italiana.$0(OLS)http://semarc/name/3686 710 2 $aIl Regno .$0(OLS)http://semarc/name/2451 830 0$aProposte ;$v1.$0(OLS)http://semarc/title/22700 850 $aSeMil 852 $aSeMil$W1$xVenegono$y1$m3N II 647$j115749$B115749$CSeMilBibl$Z2$F127008 $81 941 1 $a5 961 $aOmaggio: Tettamanzi Card. Dionigi 996 $6245$aAnnunciare la carità, Pensare la solidarietà$9(OLS)http://semarc/title/234688 996 $6260$aCapodarco di Fermo (AP) :$bComunità Edizioni$9(OLS)http://semarc/publisher/34860 LEADER 01165nam a2200277 i 4500 001 000000184076 003 CaOOAMICUS 005 20091215000000.0 008 091215s2009 fr u000 u fre u 013 $a162051 020 $a978-2-204-08901-2 040 $aSeMil$bita 100 1 $aJob, Getcha .$0(OLS)http://semarc/name/67680 245 13$aLe Typikon décrypté :$bmanuel de liturgie byzantine /$cGetcha Job. 260 $aParis :$bLes Éditions du Cerf,$c2009. 300 $a348 p. ;$c22 cm. 490 0 $aLiturgie ;$v18 650 4$aLiturgia bizantina.$0(OLS)http://semarc/subject/308 650 4$aChiesa Ortodossa - Liturgia.$0(OLS)http://semarc/subject/17392 830 0$aLiturgie ;$v18.$0(OLS)http://semarc/title/432467 850 $aSeMil 852 $aSeMil$W1$xVenegono$y1$m3K III 486$j256966$B134772$CSeMilBibl$Z2$F146422 $81 961 $aSottoscrizione: SODIS 996 $6020$a978-2-204-08901-2$9(OLS)http://semarc/number/173966 996 $6245$aLe Typikon décrypté :$bmanuel de liturgie byzantine$9(OLS)http://semarc/title/264200 996 $6260$aParis :$bLes Éditions du Cerf$9(OLS)http://semarc/publisher/29611